Normal view
MARC view
- Berreman, Gerald D., ed.
Entry Personal Name
001 - CONTROL NUMBER
- control field: 3427
003 - CONTROL NUMBER IDENTIFIER
- control field: OSt
005 - DATE AND TIME OF LATEST TRANSACTION
- control field: 20101209093551.0
008 - FIXED-LENGTH DATA ELEMENTS
- fixed length control field: 101209|||a|||||| | ||| d
040 ## - CATALOGING SOURCE
- Original cataloging agency: OSt
- Transcribing agency: OSt
100 ## - HEADING--PERSONAL NAME
- Personal name: Berreman, Gerald D., ed.
670 ## - SOURCE DATA FOUND
- Source citation: Work cat.: (OSt): Berreman, Gerald D., ed., Social inequality: comparative and developmental approaches., 1981.
670 ## - SOURCE DATA FOUND
- Source citation: Work cat.: (OSt): Berreman, Gerald D., ed., Social inequality: comparative and developmental approaches., 1981.
